Statystyki dla Najlepsze teleturnieje w telewizji Polsat

Kliknij tutaj aby rozwiązać quiz!

Ogólne statystyki

  • Ten quiz został rozwiązany 480 razy
  • Średni wynik to 2 z 7

Statystyki odpowiedzi

StacjaTeleturniej% Poprawnych
PolsatAwantura o kasę
89%
PolsatGra w ciemno
76%
PolsatIdź na całość
31%
PolsatRosyjska ruletka
22%
PolsatKalambury
6%
PolsatPiramida
6%
PolsatChciwość, czyli żądza pieniądza
3%

Rozkład punktacji

Percentyl według liczby udzielonych odpowiedzi

Procent ludzi z każdym wynikiem

Twoja historia wyników

Nie rozwiązałeś tego quizu